Fútbol Argentino - Plantel River Plate 2024 - Estadísticas

Estadísticas generales
  • Esta prueba ha sido intentada 573 veces
    381 desde el último reinicio
  • La puntuación promedio es 27 de 39
Estadísticas de respuestas
Posición # Situación actual Jugador % Correcto
Arquero 01 Plantel Profesional Franco Armani
99%
YDelantero 09 Plantel Profesional Miguel Ángel Borja
93%
Defensor 17 Plantel Profesional Paulo Díaz
91%
YDelantero 11 Plantel Profesional Facundo Colidio
89%
Mediocampista 30 Plantel Profesional Franco Mastantuono
89%
ZEntrenador - Plantel Profesional Marcelo Gallardo
88%
Defensor 13 Plantel Profesional Enzo Díaz
83%
Mediocampista 18 Plantel Profesional Gonzalo Martínez
83%
Defensor 20 Plantel Profesional Milton Casco
83%
Mediocampista 10 Plantel Profesional Manuel Lanzini
82%
Arquero 25 Plantel Profesional Jeremías Ledesma
81%
Mediocampista 26 Plantel Profesional Ignacio Fernández
80%
Defensor 14 Plantel Profesional Leandro González Pírez
79%
Defensor 06 Baja Héctor Martínez
78%
Mediocampista 19 Plantel Profesional Claudio Echeverri
77%
Defensor 24 Plantel Profesional Marcos Acuña
76%
YDelantero 32 Plantel Profesional Agustín Ruberto
75%
Defensor 33 Plantel Profesional Germán Pezzella
75%
YDelantero 36 Plantel Profesional Pablo Solari
73%
Mediocampista 05 Plantel Profesional Matías Kranevitter
71%
Mediocampista 31 Plantel Profesional Santiago Simón
71%
Mediocampista 29 Plantel Profesional Rodrigo Aliendro
69%
YDelantero 38 Plantel Profesional Ian Subiabre
68%
Arquero 33 Baja Ezequiel Centurión
67%
Defensor 16 Plantel Profesional Fabricio Bustos
66%
Mediocampista 04 Plantel Profesional Nicolás Fonseca
65%
Mediocampista 08 Plantel Profesional Maximiliano Meza
60%
Defensor 03 Plantel Profesional Ramiro Funes Mori
59%
Mediocampista 23 Plantel Profesional Rodrigo Villagra
58%
Defensor 06 Plantel Profesional Federico Gattoni
56%
Mediocampista 21 Baja Esequiel Barco
55%
Defensor 15 Baja Marcelo Herrera
55%
YDelantero 07 Plantel Profesional Adam Bareiro
51%
Mediocampista 08 Baja Agustín Palavecino
48%
Defensor 27 Plantel Profesional Agustín Sant'Anna
47%
Defensor 02 Baja Sebastián Boselli
44%
Defensor 22 Plantel Profesional Daniel Zabala
43%
Mediocampista 35 Plantel Profesional Tobías Leiva
25%
Mediocampista 34 Plantel Profesional Jonás Luna
19%
No se encontraron pruebas coincidentes
Distribución de puntuación
Porcentaje de gente con cada puntuación
Porcentaje por número respondido
Historial de tus puntuaciones
No has intentado esta prueba desde el último reinicio